<?xml version="1.0" encoding="UTF-8"?>
<record
    xmlns:xsi="http://www.w3.org/2001/XMLSchema-instance"
    xsi:schemaLocation="http://www.loc.gov/MARC21/slim http://www.loc.gov/standards/marcxml/schema/MARC21slim.xsd"
    xmlns="http://www.loc.gov/MARC21/slim">

  <leader>01609    a2200217   4500</leader>
  <controlfield tag="001">47125</controlfield>
  <controlfield tag="005">20260407155739.0</controlfield>
  <controlfield tag="008">260407a1986    arg                 spa d</controlfield>
  <controlfield tag="003">AR-UNSa-BCEJYS</controlfield>
  <datafield tag="040" ind1=" " ind2=" ">
    <subfield code="a">AR-UNSa-BCEJYS</subfield>
    <subfield code="b">spa</subfield>
    <subfield code="c">AR-UNSa-BCEJYS</subfield>
  </datafield>
  <datafield tag="080" ind1=" " ind2=" ">
    <subfield code="a">658.5</subfield>
    <subfield code="x">Planificaci&#xF3;n y control de la producci&#xF3;n
</subfield>
  </datafield>
  <datafield tag="245" ind1="1" ind2="0">
    <subfield code="a">Aportaciones a la teor&#xED;a de la producci&#xF3;n conjunta</subfield>
  </datafield>
  <datafield tag="020" ind1=" " ind2=" ">
    <subfield code="a">968-16-2242-1</subfield>
  </datafield>
  <datafield tag="264" ind1=" " ind2="1">
    <subfield code="a">M&#xE9;xico :</subfield>
    <subfield code="b">Fondo de Cultura Econ&#xF3;mica</subfield>
    <subfield code="c">1986</subfield>
  </datafield>
  <datafield tag="300" ind1=" " ind2=" ">
    <subfield code="a">286 p.</subfield>
    <subfield code="c">23 cm.</subfield>
  </datafield>
  <datafield tag="505" ind1=" " ind2=" ">
    <subfield code="a">1. Aportaciones a la teor&#xED;a de la producci&#xF3;n conjunta: introducci&#xF3;n / Luigi Pasinetti - 2. El modelo de Piero Sraffa para producci&#xF3;n conjunta de mercanc&#xED;as por medio de mercanc&#xED;as / Carlos Felice Manara - 3. La noci&#xF3;n de sector verticalmente integrado en el an&#xE1;lisis econ&#xF3;mico / Luigi Pasintetti - 4. Mercanc&#xED;as b&#xE1;sicas, mercanc&#xED;as no b&#xE1;sicas y producci&#xF3;n conjunta / Ian Steedman - 5. Nota sobre las mercanc&#xED;as b&#xE1;sicas, las mercanc&#xED;as no b&#xE1;sicas y la producci&#xF3;n conjunta / Luigi Pasinetti - 6. Precios, tasa de beneficio y duraci&#xF3;n del capital fijo en el esquema te&#xF3;rico de Piero Sraffa / Paolo Varri - 7. El capital fijo en el esquema te&#xF3;rico de Piero Sraffa / salvatore Baldone - 8. Capital fijo, acumulaci&#xF3;n y progreso t&#xE9;cnico / Bertram Schefold - 9. Renta de la tierra, distribuci&#xF3;n del ingreso, orden de eficiencia y de rentabilidad / Alberto Quadrio Curzio - </subfield>
  </datafield>
  <datafield tag="942" ind1=" " ind2=" ">
    <subfield code="c">BK</subfield>
  </datafield>
  <datafield tag="590" ind1=" " ind2=" ">
    <subfield code="a">niveau_biblio:m niveau_hierar:0</subfield>
  </datafield>
  <datafield tag="100" ind1="1" ind2=" ">
    <subfield code="a">Pasinetti, Luigi</subfield>
  </datafield>
  <datafield tag="856" ind1="4" ind2="1">
    <subfield code="u">https://www.biblioeco.unsa.edu.ar/pmb/images/libros/L127398.jpg</subfield>
    <subfield code="y">Imagen de portada</subfield>
    <subfield code="q">image/jpeg</subfield>
  </datafield>
  <datafield tag="999" ind1=" " ind2=" ">
    <subfield code="c">4293</subfield>
    <subfield code="d">4293</subfield>
  </datafield>
  <datafield tag="952" ind1=" " ind2=" ">
    <subfield code="0">0</subfield>
    <subfield code="1">0</subfield>
    <subfield code="4">0</subfield>
    <subfield code="7">0</subfield>
    <subfield code="a">BCEJYS</subfield>
    <subfield code="b">BCEJYS</subfield>
    <subfield code="c">16</subfield>
    <subfield code="d">2026-04-07</subfield>
    <subfield code="l">0</subfield>
    <subfield code="o">658.5 P282</subfield>
    <subfield code="p">L127398</subfield>
    <subfield code="r">2026-04-07 15:57:39</subfield>
    <subfield code="w">2026-04-07</subfield>
    <subfield code="y">L</subfield>
  </datafield>
</record>
